000 00342nam a2200145Ia 4500
008 150301s2013 xx 000 0 und d
082 _a618.92
_bI13L
100 _aLISSAUER, TOM
245 _aILLUSTRATED TB. OF PAEDIATRICS
250 _a4TH
260 _bMOSBY
_aEDINBURGH
_c2013
300 _a533
650 _aPEDIATRICS
942 _2ddc
_cBK
999 _c6732
_d6732